La conservación preventiva durante la exposición de fotografía (Registro nro. 22009)

Detalles MARC
000 -Cabecera
Campo de control interno 00860nam a2200253Ia 4500
005 - Fecha y hora del registro
control field 20260320113333.0
008 - Elementos de Longitud Fija
fixed length control field 260320s9999||||xx |||||||||||||| ||und||
020 ## - ISBN
ISBN 9788497047593
041 ## - Idioma
Codigo Idioma ESP
082 ## - DEWEY y NOTACIÓN INTERNA
Dewey 770.28
Notación Interna P42
100 ## - AUTOR
Autor denominación Peña Haro, Sandra,
Término de relación autor
245 #0 - TÍTULO DE MATERIAL BIBLIOGRÁFICO
Título La conservación preventiva durante la exposición de fotografía
Título paralelo
246 ## - TÍTULO TRADUCIDO
Título
Título paralelo
Autor
260 ## - CIUDAD, EDITORIAL, AÑO
Ciudad Gijón :
Nombre de la Editorial Ediciones Trea,
Año 2014
300 ## - DESCRIPCIÓN
N° Páginas 62 páginas :
Otros detalles láminas, fotografías, tablas ;
Dimensiones 21 cm.
Material Adicional
440 ## - MENCIÓN DE SERIE
Título de la Serie (Conservación y restauración del patrimonio
Número de Serie ; número 10)
Volumen de Serie
650 ## - TEMAS
Temas Las Artes
653 ## - DESCRIPTORES
Lenguajes no controlado Fotografía - Exposición
654 ## - PROGRAMAS
Programa Dpto. de Humanidades
700 ## - OTROS AUTORES
Otros autores
Títulos y otras palabras asociadas con el nombre
856 ## - URL - UBICACIÓN
URI/URL: Enlace exacto del recurso <a href="https://0u20fmxaw-y-https-research-ebsco-com.itmsp.museknowledge.com/c/qxo6us/search">https://0u20fmxaw-y-https-research-ebsco-com.itmsp.museknowledge.com/c/qxo6us/search</a>
Nota pública: Versión digital <a href="Véase además: Base de datos EBSCOhost">Véase además: Base de datos EBSCOhost</a>
942 ## - ELEMENTOS DE KOHA
Tipo de documento Libro
Nombre del creador Justo Noguera
Código de catalogador Margarita Torres
Esquema de clasificación Dewey Decimal Classification
Suppress in OPAC
Existencias
Codigo completo Registro Colección Copia número Disponibilidad Tipo de préstamo Biblioteca Actual Procedencia (Biblioteca) Ubicacón Fecha Ingreso Tipo de Adquisición Observación Date last seen Total checkouts Price effective from Tipo de Item Estado del Material Fuente de Clasificación Damaged status Withdrawn status
770.28 P42 1086578 Universidad Católica San Pablo 1 Disponible Disponible Víctor Andrés Belaunde Víctor Andrés Belaunde Segundo piso 10/03/2026 Compra Biblioteca 20/03/2026   20/03/2026 Libro Bueno Dewey Decimal Classification